INTRODUCTION TO OPERATIONS SUPPLY CHAIN MANAGEMENT / (Record no. 587468)
[ view plain ]
| 000 -LEADER | |
|---|---|
| fixed length control field | 00398nam a22001457a 4500 |
| 020 ## - INTERNATIONAL STANDARD BOOK NUMBER | |
| Qualifying information | PB. |
| 040 ## - CATALOGING SOURCE | |
| Transcribing agency | FIZZA ISHAQ |
| 082 ## - DEWEY DECIMAL CLASSIFICATION NUMBER | |
| Classification number | 658.5 |
| Author Mark | CEC |
| 100 ## - MAIN ENTRY--PERSONAL NAME | |
| Personal name | B. ROBERT BOZARTH C. CECIL. |
| 9 (RLIN) | 87173 |
| 245 ## - TITLE STATEMENT | |
| Title | INTRODUCTION TO OPERATIONS SUPPLY CHAIN MANAGEMENT / |
| Statement of responsibility, etc. | CECIL B. BOZARTH ROBERT B. |
| 250 ## - EDITION STATEMENT | |
| Edition statement | 5th ED. |
| 260 ## - PUBLICATION, DISTRIBUTION, ETC. | |
| Place of publication, distribution, etc. | NEW DEHLI : |
| Name of publisher, distributor, etc. | PEARSON, |
| Date of publication, distribution, etc. | 2019. |
| 300 ## - PHYSICAL DESCRIPTION | |
| Extent | 514 P. ; |
| 942 ## - ADDED ENTRY ELEMENTS (KOHA) | |
| Source of classification or shelving scheme | |
| Koha item type | Book |
| Withdrawn status | Lost status | Source of classification or shelving scheme | Damaged status | Not for loan | Permanent Location | Current Location | Date acquired | Total Checkouts | Full call number | Barcode | Date last seen | Price effective from | Koha item type |
|---|---|---|---|---|---|---|---|---|---|---|---|---|---|
| NUST Baluchistan Campus (NBC) | NUST Baluchistan Campus (NBC) | 12/30/2021 | 658.5 CEC | Q-2268 | 12/30/2021 | 12/30/2021 | Book |
